UBT Library

Don't blame the shorts : (Record no. 668)

000 -LEADER
fixed length control field 00610nam a22002057a 4500
005 - DATE AND TIME OF LATEST TRANSACTION
control field 20160108102114.0
008 - FIXED-LENGTH DATA ELEMENTS--GENERAL INFORMATION
fixed length control field 100428s2010 nyu b 001 0 eng d
020 ## - INTERNATIONAL STANDARD BOOK NUMBER
International Standard Book Number 9780071636865
020 ## - INTERNATIONAL STANDARD BOOK NUMBER
International Standard Book Number 0071636862
041 0# - LANGUAGE CODE
Language code of text/sound track or separate title eng
080 ## - UNIVERSAL DECIMAL CLASSIFICATION NUMBER
Universal Decimal Classification number 336
100 1# - Rafti
Rafti Sloan, Robert.
245 10 - TITLE STATEMENT
Title Don't blame the shorts :
Statement of responsibility, etc Robert Sloan.
260 ## -
-- New York :
-- McGraw-Hill,
-- 2010.
300 ## -
-- 247 f. ;
-- 24 cm.
505 0# -
-- Index: f. 233 - 247
650 #0 -
-- Financat
650 #0 -
-- Letrat me vlerë
942 ## - ADDED ENTRY ELEMENTS (KOHA)
Source of classification or shelving scheme
Item type Books
Holdings
Withdrawn status Lost status Source of classification or shelving scheme Damaged status Not for loan Collection code Permanent location Current location Shelving location Date acquired Total Checkouts Full call number Barcode Date last seen Price effective from Koha item type
          Koleksioni i përgjithshem UBT - Lipjan UBT - Lipjan Koleksioni i përgjithshem 04/10/2015   336 SLO 002-000033 04/10/2015 04/10/2015 Books
          Koleksioni i përgjithshem UBT - Lipjan UBT - Lipjan Koleksioni i përgjithshem 01/08/2016   336 SLO 002-012944 01/08/2016 01/08/2016 Books
          Koleksioni i përgjithshem UBT - Lipjan UBT - Lipjan Koleksioni i përgjithshem 01/08/2016   336 SLO 002-013118 01/08/2016 01/08/2016 Books
          Koleksioni i përgjithshem UBT - Lipjan UBT - Lipjan Koleksioni i përgjithshem 01/08/2016   336 SLO 002-013119 01/08/2016 01/08/2016 Books
          Koleksioni i përgjithshem UBT - Lipjan UBT - Lipjan Koleksioni i përgjithshem 01/08/2016   336 SLO 002-013480 01/08/2016 01/08/2016 Books
          Koleksioni i përgjithshem UBT - Lipjan UBT - Lipjan Koleksioni i përgjithshem 01/08/2016   336 SLO 002-013481 01/08/2016 01/08/2016 Books
          Koleksioni i përgjithshem UBT - Lipjan UBT - Lipjan Koleksioni i përgjithshem 01/08/2016   336 SLO 002-013482 01/08/2016 01/08/2016 Books
          Koleksioni i përgjithshem UBT - Lipjan UBT - Lipjan Koleksioni i përgjithshem 01/08/2016   336 SLO 002-013483 01/08/2016 01/08/2016 Books
          Koleksioni i përgjithshem UBT - Lipjan UBT - Lipjan Koleksioni i përgjithshem 01/08/2016   336 SLO 002-013484 01/08/2016 01/08/2016 Books
          Koleksioni i përgjithshem UBT - Lipjan UBT - Lipjan Koleksioni i përgjithshem 01/08/2016   336 SLO 002-013485 01/08/2016 01/08/2016 Books
          Koleksioni i përgjithshem UBT - Lipjan UBT - Lipjan Koleksioni i përgjithshem 01/08/2016   336 SLO 002-013486 01/08/2016 01/08/2016 Books
          Koleksioni i përgjithshem UBT - Lipjan UBT - Lipjan Koleksioni i përgjithshem 01/08/2016   336 SLO 002-013487 01/08/2016 01/08/2016 Books
          Koleksioni i përgjithshem UBT - Lipjan UBT - Lipjan Koleksioni i përgjithshem 01/08/2016   336 SLO 002-013488 01/08/2016 01/08/2016 Books
          Koleksioni i përgjithshem UBT - Lipjan UBT - Lipjan Koleksioni i përgjithshem 01/08/2016   336 SLO 002-013489 01/08/2016 01/08/2016 Books
          Koleksioni i përgjithshem UBT - Lipjan UBT - Lipjan Koleksioni i përgjithshem 01/08/2016   336 SLO 002-013490 01/08/2016 01/08/2016 Books
          Koleksioni i përgjithshem UBT - Lipjan UBT - Lipjan Koleksioni i përgjithshem 01/08/2016   336 SLO 002-013491 01/08/2016 01/08/2016 Books
          Koleksioni i përgjithshem UBT - Lipjan UBT - Lipjan Koleksioni i përgjithshem 01/08/2016   336 SLO 002-013492 01/08/2016 01/08/2016 Books
          Koleksioni i përgjithshem UBT - Lipjan UBT - Lipjan Koleksioni i përgjithshem 01/08/2016   336 SLO 002-013493 01/08/2016 01/08/2016 Books
          Koleksioni i përgjithshem UBT - Lipjan UBT - Lipjan Koleksioni i përgjithshem 01/08/2016   336 SLO 002-013494 01/08/2016 01/08/2016 Books
          Koleksioni i përgjithshem UBT - Lipjan UBT - Lipjan Koleksioni i përgjithshem 01/08/2016   336 SLO 002-013495 01/08/2016 01/08/2016 Books
          Koleksioni i përgjithshem UBT - Lipjan UBT - Lipjan Koleksioni i përgjithshem 01/08/2016   336 SLO 002-013496 01/08/2016 01/08/2016 Books
          Koleksioni i përgjithshem UBT - Lipjan UBT - Lipjan Koleksioni i përgjithshem 01/08/2016   336 SLO 002-013497 01/08/2016 01/08/2016 Books
          Koleksioni i përgjithshem UBT - Lipjan UBT - Lipjan Koleksioni i përgjithshem 01/08/2016   336 SLO 002-013498 01/08/2016 01/08/2016 Books
          Koleksioni i përgjithshem UBT - Lipjan UBT - Lipjan Koleksioni i përgjithshem 01/08/2016   336 SLO 002-013499 01/08/2016 01/08/2016 Books
          Koleksioni i përgjithshem UBT - Lipjan UBT - Lipjan Koleksioni i përgjithshem 01/08/2016   336 SLO 002-013500 01/08/2016 01/08/2016 Books
          Koleksioni i përgjithshem UBT - Lipjan UBT - Lipjan Koleksioni i përgjithshem 01/08/2016   336 SLO 002-013501 01/08/2016 01/08/2016 Books
          Koleksioni i përgjithshem UBT - Lipjan UBT - Lipjan Koleksioni i përgjithshem 01/08/2016   336 SLO 002-013502 01/08/2016 01/08/2016 Books
          Koleksioni i përgjithshem UBT - Lipjan UBT - Lipjan Koleksioni i përgjithshem 01/08/2016   336 SLO 002-013503 01/08/2016 01/08/2016 Books
          Koleksioni i përgjithshem UBT - Lipjan UBT - Lipjan Koleksioni i përgjithshem 01/08/2016   336 SLO 002-013504 01/08/2016 01/08/2016 Books
          Koleksioni i përgjithshem UBT - Lipjan UBT - Lipjan Koleksioni i përgjithshem 01/08/2016   336 SLO 002-013505 01/08/2016 01/08/2016 Books
          Koleksioni i përgjithshem UBT - Lipjan UBT - Lipjan Koleksioni i përgjithshem 01/08/2016   336 SLO 002-013506 01/08/2016 01/08/2016 Books
          Koleksioni i përgjithshem UBT - Lipjan UBT - Lipjan Koleksioni i përgjithshem 01/08/2016   336 SLO 002-013507 01/08/2016 01/08/2016 Books
          Koleksioni i përgjithshem UBT - Lipjan UBT - Lipjan Koleksioni i përgjithshem 01/08/2016   336 SLO 002-013508 01/08/2016 01/08/2016 Books
          Koleksioni i përgjithshem UBT - Lipjan UBT - Lipjan Koleksioni i përgjithshem 02/26/2016   336 SLO 002-020778 02/26/2016 02/26/2016 Books
          Koleksioni i përgjithshem UBT - Lipjan UBT - Lipjan Koleksioni i përgjithshem 02/26/2016   336 SLO 002-020779 02/26/2016 02/26/2016 Books
          Koleksioni i përgjithshem UBT - Lipjan UBT - Lipjan Koleksioni i përgjithshem 02/26/2016   336 SLO 002-020780 02/26/2016 02/26/2016 Books
          Koleksioni i përgjithshem UBT - Lipjan UBT - Lipjan Koleksioni i përgjithshem 02/26/2016   336 SLO 002-020781 02/26/2016 02/26/2016 Books
          Koleksioni i përgjithshem UBT - Lipjan UBT - Lipjan Koleksioni i përgjithshem 02/26/2016   336 SLO 002-020782 02/26/2016 02/26/2016 Books
          Koleksioni i përgjithshem UBT - Lipjan UBT - Lipjan Koleksioni i përgjithshem 02/26/2016   336 SLO 002-020913 02/26/2016 02/26/2016 Books
          Koleksioni i përgjithshem UBT - Lipjan UBT - Lipjan Koleksioni i përgjithshem 02/26/2016   336 SLO 002-020914 02/26/2016 02/26/2016 Books
          Koleksioni i përgjithshem UBT - Lipjan UBT - Lipjan Koleksioni i përgjithshem 02/26/2016   336 SLO 002-020915 02/26/2016 02/26/2016 Books
          Koleksioni i përgjithshem UBT - Lipjan UBT - Lipjan Koleksioni i përgjithshem 02/26/2016   336 SLO 002-020916 02/26/2016 02/26/2016 Books
          Koleksioni i përgjithshem UBT - Lipjan UBT - Lipjan Koleksioni i përgjithshem 02/26/2016   336 SLO 002-020917 02/26/2016 02/26/2016 Books
          Koleksioni i përgjithshem UBT - Lipjan UBT - Lipjan Koleksioni i përgjithshem 02/26/2016   336 SLO 002-020918 02/26/2016 02/26/2016 Books
          Koleksioni i përgjithshem UBT - Lipjan UBT - Lipjan Koleksioni i përgjithshem 02/26/2016   336 SLO 002-020919 02/26/2016 02/26/2016 Books
          Koleksioni i përgjithshem UBT - Lipjan UBT - Lipjan Koleksioni i përgjithshem 02/26/2016   336 SLO 002-020920 02/26/2016 02/26/2016 Books
          Koleksioni i përgjithshem UBT - Lipjan UBT - Lipjan Koleksioni i përgjithshem 02/26/2016   336 SLO 002-020921 02/26/2016 02/26/2016 Books
          Koleksioni i përgjithshem UBT - Lipjan UBT - Lipjan Koleksioni i përgjithshem 02/26/2016   336 SLO 002-020922 02/26/2016 02/26/2016 Books
          Koleksioni i përgjithshem UBT - Lipjan UBT - Lipjan Koleksioni i përgjithshem 02/26/2016   336 SLO 002-020923 02/26/2016 02/26/2016 Books
          Koleksioni i përgjithshem UBT - Lipjan UBT - Lipjan Koleksioni i përgjithshem 02/26/2016   336 SLO 002-020924 02/26/2016 02/26/2016 Books
          Koleksioni i përgjithshem UBT - Lipjan UBT - Lipjan Koleksioni i përgjithshem 02/26/2016   336 SLO 002-020925 02/26/2016 02/26/2016 Books
          Koleksioni i përgjithshem UBT - Lipjan UBT - Lipjan Koleksioni i përgjithshem 02/26/2016   336 SLO 002-020926 02/26/2016 02/26/2016 Books
          Koleksioni i përgjithshem UBT - Lipjan UBT - Lipjan Koleksioni i përgjithshem 02/26/2016   336 SLO 002-020927 02/26/2016 02/26/2016 Books
          Koleksioni i përgjithshem UBT - Lipjan UBT - Lipjan Koleksioni i përgjithshem 02/26/2016   336 SLO 002-020928 02/26/2016 02/26/2016 Books
          Koleksioni i përgjithshem UBT - Lipjan UBT - Lipjan Koleksioni i përgjithshem 02/26/2016   336 SLO 002-020929 02/26/2016 02/26/2016 Books
          Koleksioni i përgjithshem UBT - Lipjan UBT - Lipjan Koleksioni i përgjithshem 02/26/2016   336 SLO 002-020930 02/26/2016 02/26/2016 Books
          Koleksioni i përgjithshem UBT - Lipjan UBT - Lipjan Koleksioni i përgjithshem 02/26/2016   336 SLO 002-020931 02/26/2016 02/26/2016 Books
          Koleksioni i përgjithshem UBT - Lipjan UBT - Lipjan Koleksioni i përgjithshem 02/26/2016   336 SLO 002-020932 02/26/2016 02/26/2016 Books
          Koleksioni i përgjithshem UBT - Lipjan UBT - Lipjan Koleksioni i përgjithshem 02/26/2016   336 SLO 002-020933 02/26/2016 02/26/2016 Books
          Koleksioni i përgjithshem UBT - Lipjan UBT - Lipjan Koleksioni i përgjithshem 02/26/2016   336 SLO 002-020934 02/26/2016 02/26/2016 Books
          Koleksioni i përgjithshem UBT - Lipjan UBT - Lipjan Koleksioni i përgjithshem 02/26/2016   336 SLO 002-020935 02/26/2016 02/26/2016 Books
          Koleksioni i përgjithshem UBT - Lipjan UBT - Lipjan Koleksioni i përgjithshem 02/26/2016   336 SLO 002-020936 02/26/2016 02/26/2016 Books
          Koleksioni i përgjithshem UBT - Lipjan UBT - Lipjan Koleksioni i përgjithshem 02/26/2016   336 SLO 002-020937 02/26/2016 02/26/2016 Books
          Koleksioni i përgjithshem UBT - Lipjan UBT - Lipjan Koleksioni i përgjithshem 02/26/2016   336 SLO 002-020938 02/26/2016 02/26/2016 Books
          Koleksioni i përgjithshem UBT - Lipjan UBT - Lipjan Koleksioni i përgjithshem 02/26/2016   336 SLO 002-020939 02/26/2016 02/26/2016 Books
          Koleksioni i përgjithshem UBT - Lipjan UBT - Lipjan Koleksioni i përgjithshem 02/26/2016   336 SLO 002-020940 02/26/2016 02/26/2016 Books
          Koleksioni i përgjithshem UBT - Lipjan UBT - Lipjan Koleksioni i përgjithshem 02/26/2016   336 SLO 002-020941 02/26/2016 02/26/2016 Books
          Koleksioni i përgjithshem UBT - Lipjan UBT - Lipjan Koleksioni i përgjithshem 02/26/2016   336 SLO 002-020942 02/26/2016 02/26/2016 Books
          Koleksioni i përgjithshem UBT - Lipjan UBT - Lipjan Koleksioni i përgjithshem 02/26/2016   336 SLO 002-020943 02/26/2016 02/26/2016 Books
          Koleksioni i përgjithshem UBT - Lipjan UBT - Lipjan Koleksioni i përgjithshem 02/26/2016   336 SLO 002-020944 02/26/2016 02/26/2016 Books
          Koleksioni i përgjithshem UBT - Lipjan UBT - Lipjan Koleksioni i përgjithshem 02/26/2016   336 SLO 002-020945 02/26/2016 02/26/2016 Books
          Koleksioni i përgjithshem UBT - Lipjan UBT - Lipjan Koleksioni i përgjithshem 02/26/2016   336 SLO 002-020946 02/26/2016 02/26/2016 Books
          Koleksioni i përgjithshem UBT - Lipjan UBT - Lipjan Koleksioni i përgjithshem 02/26/2016   336 SLO 002-020947 02/26/2016 02/26/2016 Books
          Koleksioni i përgjithshem UBT - Lipjan UBT - Lipjan Koleksioni i përgjithshem 02/26/2016   336 SLO 002-020948 02/26/2016 02/26/2016 Books
          Koleksioni i përgjithshem UBT - Lipjan UBT - Lipjan Koleksioni i përgjithshem 02/26/2016   336 SLO 002-020949 02/26/2016 02/26/2016 Books
          Koleksioni i përgjithshem UBT - Lipjan UBT - Lipjan Koleksioni i përgjithshem 02/26/2016   336 SLO 002-020950 02/26/2016 02/26/2016 Books
          Koleksioni i përgjithshem UBT - Lipjan UBT - Lipjan Koleksioni i përgjithshem 02/26/2016   336 SLO 002-020951 02/26/2016 02/26/2016 Books
          Koleksioni i përgjithshem UBT - Lipjan UBT - Lipjan Koleksioni i përgjithshem 02/26/2016   336 SLO 002-020952 02/26/2016 02/26/2016 Books
          Koleksioni i përgjithshem UBT - Lipjan UBT - Lipjan Koleksioni i përgjithshem 02/26/2016   336 SLO 002-020953 02/26/2016 02/26/2016 Books
          Koleksioni i përgjithshem UBT - Lipjan UBT - Lipjan Koleksioni i përgjithshem 02/26/2016   336 SLO 002-020954 02/26/2016 02/26/2016 Books
          Koleksioni i përgjithshem UBT - Lipjan UBT - Lipjan Koleksioni i përgjithshem 02/26/2016   336 SLO 002-020955 02/26/2016 02/26/2016 Books
          Koleksioni i përgjithshem UBT - Lipjan UBT - Lipjan Koleksioni i përgjithshem 02/26/2016   336 SLO 002-020956 02/26/2016 02/26/2016 Books
          Koleksioni i përgjithshem UBT - Lipjan UBT - Lipjan Koleksioni i përgjithshem 02/26/2016   336 SLO 002-020957 02/26/2016 02/26/2016 Books
          Koleksioni i përgjithshem UBT - Lipjan UBT - Lipjan Koleksioni i përgjithshem 02/26/2016   336 SLO 002-020958 02/26/2016 02/26/2016 Books
          Koleksioni i përgjithshem UBT - Lipjan UBT - Lipjan Koleksioni i përgjithshem 02/26/2016   336 SLO 002-020959 02/26/2016 02/26/2016 Books
          Koleksioni i përgjithshem UBT - Lipjan UBT - Lipjan Koleksioni i përgjithshem 02/26/2016   336 SLO 002-020960 02/26/2016 02/26/2016 Books
          Koleksioni i përgjithshem UBT - Lipjan UBT - Lipjan Koleksioni i përgjithshem 02/26/2016   336 SLO 002-020961 02/26/2016 02/26/2016 Books
          Koleksioni i përgjithshem UBT - Lipjan UBT - Lipjan Koleksioni i përgjithshem 02/26/2016   336 SLO 002-020962 02/26/2016 02/26/2016 Books
          Koleksioni i përgjithshem UBT - Lipjan UBT - Lipjan Koleksioni i përgjithshem 02/26/2016   336 SLO 002-020963 02/26/2016 02/26/2016 Books
          Koleksioni i përgjithshem UBT - Lipjan UBT - Lipjan Koleksioni i përgjithshem 02/26/2016   336 SLO 002-020964 02/26/2016 02/26/2016 Books
          Koleksioni i përgjithshem UBT - Lipjan UBT - Lipjan Koleksioni i përgjithshem 02/26/2016   336 SLO 002-020965 02/26/2016 02/26/2016 Books
          Koleksioni i përgjithshem UBT - Lipjan UBT - Lipjan Koleksioni i përgjithshem 02/26/2016   336 SLO 002-020966 02/26/2016 02/26/2016 Books
          Koleksioni i përgjithshem UBT - Lipjan UBT - Lipjan Koleksioni i përgjithshem 02/26/2016   336 SLO 002-020967 02/26/2016 02/26/2016 Books
          Koleksioni i përgjithshem UBT - Lipjan UBT - Lipjan Koleksioni i përgjithshem 02/26/2016   336 SLO 002-020968 02/26/2016 02/26/2016 Books
          Koleksioni i përgjithshem UBT - Lipjan UBT - Lipjan Koleksioni i përgjithshem 02/26/2016   336 SLO 002-020969 02/26/2016 02/26/2016 Books
          Koleksioni i përgjithshem UBT - Lipjan UBT - Lipjan Koleksioni i përgjithshem 02/26/2016   336 SLO 002-020970 02/26/2016 02/26/2016 Books
          Koleksioni i përgjithshem UBT - Lipjan UBT - Lipjan Koleksioni i përgjithshem 02/26/2016   336 SLO 002-020971 02/26/2016 02/26/2016 Books
          Koleksioni i përgjithshem UBT - Lipjan UBT - Lipjan Koleksioni i përgjithshem 02/26/2016   336 SLO 002-020972 02/26/2016 02/26/2016 Books
          Koleksioni i përgjithshem UBT - Lipjan UBT - Lipjan Koleksioni i përgjithshem 02/26/2016   336 SLO 002-020973 02/26/2016 02/26/2016 Books
          Koleksioni i përgjithshem UBT - Lipjan UBT - Lipjan Koleksioni i përgjithshem 02/26/2016   336 SLO 002-020974 02/26/2016 02/26/2016 Books
          Koleksioni i përgjithshem UBT - Lipjan UBT - Lipjan Koleksioni i përgjithshem 02/26/2016   336 SLO 002-020975 02/26/2016 02/26/2016 Books
          Koleksioni i përgjithshem UBT - Lipjan UBT - Lipjan Koleksioni i përgjithshem 02/26/2016   336 SLO 002-020976 02/26/2016 02/26/2016 Books
          Koleksioni i përgjithshem UBT - Lipjan UBT - Lipjan Koleksioni i përgjithshem 02/26/2016   336 SLO 002-020977 02/26/2016 02/26/2016 Books
UBT Library © 2015-2024. All rights reserved University Education for Business and Technology